000 00717nam a2200253Ia 4500
003 OSt
005 20221006144100.0
006 a|||||r|||| 00| 0
007 ta
008 221006b |||||||| |||| 00| 0 eng d
020 _cSh.105.00 (each)
024 _a10,833
037 _cTextual
040 _aEASL
_cEASL
_beng
041 _2eng
_aeng
082 _aW81.1, L1.1-.2
100 _aGERASSI John Ed.
245 0 _aTowards revolution, 2 Vols.
260 _aLondon
_bWeidenfeld and Nicolson
_c1971
300 _a414+398p.
_ccm.
490 _vVol.1 : China, India, Asia, the middle East, Africa 2 Oth
942 _hW81.1, L1.1-.2
_cTEXL
_2CC
999 _c1078919
_d1078919